| 000 | 01290nam a2200313Ia 4500 | ||
|---|---|---|---|
| 001 | ebr10062257 | ||
| 003 | CaPaEBR | ||
| 006 | m u | ||
| 007 | cr cn||||||||| | ||
| 008 | 010828s2001 enka sb 001 0 eng d | ||
| 015 | _aGBA1-48774 | ||
| 020 | _z0521553059 | ||
| 040 |
_aCaPaEBR _cCaPaEBR |
||
| 035 | _a(OCoLC)56761493 | ||
| 050 | 1 | 4 |
_aQC795.7 _b.L68 2001eb |
| 082 | 0 | 4 |
_a621.4837 _221 |
| 100 | 1 |
_aLowenthal, G. C. _q(Gerhart C.) |
|
| 245 | 1 | 0 |
_aPractical applications of radioactivity and nuclear radiations _h[electronic resource] : _ban introductory text for engineers, scientists, teachers and students / _cG.C. Lowenthal, P.L. Airey. |
| 260 |
_aCambridge ; _aNew York : _bCambridge University Press, _c2001. |
||
| 300 |
_axxvii, 337 p. : _bill. |
||
| 504 | _aIncludes bibliographical references and index. | ||
| 533 |
_aElectronic reproduction. _bPalo Alto, Calif. : _cebrary, _d2009. _nAvailable via World Wide Web. _nAccess may be limited to ebrary affiliated libraries. |
||
| 650 | 0 | _aRadioisotopes. | |
| 650 | 0 | _aRadioactivity. | |
| 655 | 7 |
_aElectronic books. _2local |
|
| 700 | 1 | _aAirey, P. L. | |
| 710 | 2 | _aebrary, Inc. | |
| 856 | 4 | 0 |
_uhttp://site.ebrary.com/lib/rucke/Doc?id=10062257 _zAn electronic book accessible through the World Wide Web; click to view |
| 999 |
_c156493 _d156492 |
||